Schaum's outline of theory and problems of organic chemistry (Record no. 34580)

MARC details
000 -LEADER
fixed length control field 00433nam a2200169Ia 4500
020 ## - INTERNATIONAL STANDARD BOOK NUMBER
ISBN 0- 07- 041457- 2
050 ## - CALL MARK
Classification number QD 257.M44/
100 ## - STATEMENT OF RESPONSIBILITY--MAIN AUTHOR NAME
Personal name Herbert Meislich
245 #0 - TITLE STATEMENT
Title Schaum's outline of theory and problems of organic chemistry
260 ## - PUBLICATION, DISTRIBUTION, ETC. (IMPRINT)
Name of publisher MCGraw- Hill
260 ## - PUBLICATION, DISTRIBUTION, ETC. (IMPRINT)
Year of publication 1977
300 ## - PHYSICAL DESCRIPTION
Number of Pages 480 p
650 ## - SUBJECT ADDED ENTRY--TOPICAL TERM
Topical Term Chemistry organic
942 ## - ADDED ENTRY ELEMENTS (KOHA)
Koha item type Books
Holdings
Withdrawn status Lost status Source of classification or shelving scheme Damaged status Not for loan Permanent Location Current Location Date acquired Accession Number Price effective from Koha item type
    Library of Congress Classification     NILE UNIVERSITY OF NIGERIA - MAIN LIBRARY NILE UNIVERSITY OF NIGERIA - MAIN LIBRARY 04/23/2025 0008420 04/23/2025 Books